Dermatológia pre prax
| Format: | Journal |
|---|---|
| Language: | Slovak Czech |
| PhysicalDescription: | zv. ilustr., tab., grafy 30 cm Má online vydanie: ISSN 1339-4207 (online) |
| Published: |
Bratislava
Solen
2007-
|
| ISSN: | 1337-1746 |
| Subjects: |
MARC
| LEADER | 00000cas a2200000 a 4500 | ||
|---|---|---|---|
| 001 | vtls009161527 | ||
| 003 | SK-MaSNL | ||
| 005 | 20260228160621.0 | ||
| 008 | 130618c20079999xo qr|p 0 b0slo | ||
| 022 | |a 1337-1746 | ||
| 035 | |a (SVKBB)vtls000278562 | ||
| 040 | |a SVKBB |b slo |c SVKBB |d SAVUK |d SNK |e AACR2 | ||
| 041 | 0 | |a slo |a cze |b slo |b cze |b eng | |
| 044 | |a xo |c SK | ||
| 072 | 7 | |a 616 |x Patológia. Klinická medicína |2 konspekt | |
| 080 | |a 616.5 |2 2011 | ||
| 080 | |a (051)-027.561 |2 2011 | ||
| 080 | |a 616-07 |2 2011 | ||
| 080 | |a 616-08 |2 2011 | ||
| 080 | |a 050 |2 2001 | ||
| 210 | 0 | |a Dermatol. prax | |
| 222 | 0 | |a Dermatológia pre prax | |
| 245 | 0 | 0 | |a Dermatológia pre prax |
| 260 | |a Bratislava |b Solen |c 2007- | ||
| 300 | |a zv. |b ilustr., tab., grafy |c 30 cm | ||
| 310 | |a 4x ročne | ||
| 362 | 0 | |a Roč. 1, č. 1 (2007)- | |
| 500 | |a Redaktori sa menia | ||
| 500 | |a Evidenčné č. MK SR: EV 3581/09 | ||
| 500 | |a Časopis je indexovaný v Bibliographia Medica Slovaca | ||
| 500 | |a Vybrané články z časopisu Dermatologie pro praxi, ktorý vydáva spoločnosť Solen, s.r.o., Česká republika sú vydávané v Slovenskej republike na základe licencie poskytnutej spoločnosťou Solen, s.r.o., Česká republika | ||
| 500 | |a Reg. č.: MK SR 3724/2007 | ||
| 504 | |a Bibliogr. odkazy | ||
| 515 | |a Niektoré čísla vychádzajú ako dvojčíslo | ||
| 525 | |a Má prílohu: Dermatológia pre prax. Suplement, ISSN 1337-4427 | ||
| 530 | |a Má online vydanie: ISSN 1339-4207 (online) | ||
| 546 | |a Čiast. text v češ. ; abstrakty angl., čes., slov. | ||
| 650 | 0 | 7 | |a dermatológia |2 SNKPH |9 902 |
| 650 | 0 | 7 | |a Dermatology |2 SNKPHeng |9 265478 |
| 650 | 0 | 7 | |a kožné choroby |2 SNKPH |9 1134 |
| 650 | 0 | 7 | |a Skin diseases |2 SNKPHeng |9 267005 |
| 650 | 0 | 7 | |a diagnóza |2 SNKPH |9 2604 |
| 650 | 0 | 7 | |a Diagnosis |2 SNKPHeng |9 266258 |
| 650 | 0 | 7 | |a terapia |2 SNKPH |9 781 |
| 650 | 0 | 7 | |a Therapy |2 SNKPHeng |9 267006 |
| 655 | 7 | |a odborné časopisy |2 SNKPH |9 70505 | |
| 655 | 7 | |a Professional journals |2 SNKPHeng |9 265007 | |
| 770 | 0 | |t Dermatológia pre prax. Suplement |x 1337-4427 |w vtls010340066 | |
| 910 | |a snk | ||
| 910 | |a savuk | ||
| 910 | |a svkbb | ||
| 916 | |a 2007-2014, 2015-2016, 2017-2018, 2019-2020, 2021 | ||
| 999 | |c 3092 |d 5022 | ||
| 952 | |0 0 |1 0 |4 0 |7 0 |8 0 |a SNK |b SNK |d 2020-11-16 |f 1 |i snk2020/20559 |l 0 |o snkČSB 5782/13/2019 |p 17A1432965 |r 2026-02-21 19:24:20 |t č. 1-4 |w 2026-02-21 |y PREZ | ||
| 952 | |0 0 |1 0 |4 0 |7 0 |8 0 |a SNK |b SNK |d 2014-10-22 |i snk2014/22899 |l 0 |o snkČSB 5782/6/2012 D1 |p 17A1089380 |r 2026-02-21 19:45:23 |t č. 1-4 |w 2026-02-21 |y PREZ | ||
| 952 | |0 0 |1 0 |4 0 |7 0 |8 0 |a SNK |b SNK |d 2014-10-22 |f 1 |i snk2014/22902 |l 0 |o snkČSB 5782/7/2013 |p 17A1089381 |r 2026-02-21 19:45:23 |t č. 1-4 |w 2026-02-21 |y PREZ | ||
| 952 | |0 0 |1 0 |4 0 |7 0 |8 0 |a SNK |b SNK |d 2021-06-09 |i snk2021/6617 |l 0 |o snkČSB 5782/13/2019 D1 |p 17A1434380 |r 2026-02-21 19:52:46 |t č. 1-4 |w 2026-02-21 |y PREZ | ||
| 952 | |0 0 |1 0 |4 0 |7 0 |8 0 |a SNK |b SNK |d 2021-06-09 |f 1 |i snk2021/6619 |l 0 |o snkČSB 5782/14/2020 |p 17A1434379 |r 2026-02-21 19:52:46 |t č. 1-4 |w 2026-02-21 |y PREZ | ||
| 952 | |0 0 |1 0 |4 0 |7 0 |8 0 |a SNK |b SNK |d 2022-07-07 |f 1 |i snk2022/11019 |l 0 |o snkČSB 5782/15/2021 |p 17A1463547 |r 2026-02-21 20:09:43 |t č. 1-4 |w 2026-02-21 |y PREZ | ||
| 952 | |0 0 |1 0 |4 0 |7 0 |8 0 |a SNK |b SNK |d 2022-08-30 |i snk2022/13075 |l 0 |o snkČSB 5782/14/2020 D1 |p 17A1463796 |r 2026-02-21 20:12:31 |t č. 1-4, neúplné |w 2026-02-21 |y PREZ |z Chýba č. 3, 4 | ||
| 952 | |0 0 |1 0 |4 0 |7 0 |8 0 |a SNK |b SNK |d 2013-06-04 |i snk2013/12671 |l 0 |o snkČSB 5782/5/2011 D1 |p 17A0866836 |r 2026-02-21 20:41:17 |t č. 1-4 |w 2026-02-21 |y PREZ | ||
| 952 | |0 0 |1 0 |4 0 |7 0 |8 0 |a SNK |b SNK |d 2013-06-04 |f 1 |i snk2013/12675 |l 0 |o snkČSB 5782/6/2012 |p 17A0866837 |r 2026-02-21 20:41:17 |t č. 1-4 |w 2026-02-21 |y PREZ | ||
| 952 | |0 0 |1 0 |4 0 |7 0 |8 0 |a SNK |b SNK |d 2013-06-03 |f 1 |i snk2013/12532 |l 0 |o snkČSB 5782/1/2007 |p 17A0866827 |r 2026-02-21 20:41:22 |t č. 1-4 |w 2026-02-21 |y PREZ | ||
| 952 | |0 0 |1 0 |4 0 |7 0 |8 0 |a SNK |b SNK |d 2013-06-04 |i snk2013/12565 |l 0 |o snkČSB 5782/1/2007 D1 |p 17A0866828 |r 2026-02-21 20:41:26 |t č. 1-4 |w 2026-02-21 |y PREZ | ||
| 952 | |0 0 |1 0 |4 0 |7 0 |8 0 |a SNK |b SNK |d 2013-06-04 |f 1 |i snk2013/12568 |l 0 |o snkČSB 5782/2/2008 |p 17A0866829 |r 2026-02-21 20:41:26 |t č. 1-4 |w 2026-02-21 |y PREZ | ||
| 952 | |0 0 |1 0 |4 0 |7 0 |8 0 |a SNK |b SNK |d 2013-06-04 |i snk2013/12569 |l 0 |o snkČSB 5782/2/2008 D1 |p 17A0866830 |r 2026-02-21 20:41:26 |t č. 1-4 |w 2026-02-21 |y PREZ | ||
| 952 | |0 0 |1 0 |4 0 |7 0 |8 0 |a SNK |b SNK |d 2013-06-04 |f 1 |i snk2013/12570 |l 0 |o snkČSB 5782/3/2009 |p 17A0866831 |r 2026-02-21 20:41:27 |t č. 1-4 |w 2026-02-21 |y PREZ | ||
| 952 | |0 0 |1 0 |4 0 |7 0 |8 0 |a SNK |b SNK |d 2013-06-04 |i snk2013/12576 |l 0 |o snkČSB 5782/3/2009 D1 |p 17A0866832 |r 2026-02-21 20:41:27 |t č. 1-4 |w 2026-02-21 |y PREZ | ||
| 952 | |0 0 |1 0 |4 0 |7 0 |8 0 |a SNK |b SNK |d 2013-06-04 |f 1 |i snk2013/12587 |l 0 |o snkČSB 5782/4/2010 |p 17A0866833 |r 2026-02-21 20:41:27 |t č. 1-4 |w 2026-02-21 |y PREZ | ||
| 952 | |0 0 |1 0 |4 0 |7 0 |8 0 |a SNK |b SNK |d 2013-06-04 |i snk2013/12592 |l 0 |o snkČSB 5782/4/2010 D1 |p 17A0866834 |r 2026-02-21 20:41:27 |t č. 1-4 |w 2026-02-21 |y PREZ | ||
| 952 | |0 0 |1 0 |4 0 |7 0 |8 0 |a SNK |b SNK |d 2013-06-04 |f 1 |i snk2013/12602 |l 0 |o snkČSB 5782/5/2011 |p 17A0866835 |r 2026-02-21 20:41:27 |t č. 1-4 |w 2026-02-21 |y PREZ | ||
| 952 | |0 0 |1 0 |4 0 |7 0 |8 0 |a SNK |b SNK |d 2015-01-12 |i snk2015/473 |l 0 |o snkČSB 5782/7/2013 D1 |p 17A0870979 |r 2026-02-21 20:51:53 |t č. 1-4 |w 2026-02-21 |y PREZ | ||
| 952 | |0 0 |1 0 |4 0 |7 0 |8 0 |a SNK |b SNK |d 2025-03-07 |f 1 |i snk2025/4218 |l 0 |o snkČSB 5782/16/2022 |p 17A1525645 |r 2026-02-21 21:10:55 |t č. 1-4 |w 2026-02-21 |y PREZ | ||
| 952 | |0 0 |1 0 |4 0 |7 0 |8 3 |a SNK |b SNK |d 2025-03-07 |i snk2025/4220 |l 0 |o snkČSB 5782/16/2022 D1 |p 17A1525646 |r 2026-02-21 21:10:55 |t č. 1-4, neúplné |w 2026-02-21 |y PREZ |z Chýba č. 4 | ||
| 952 | |0 0 |1 0 |4 0 |7 0 |8 0 |a SNK |b SNK |d 2025-03-07 |f 1 |i snk2025/4228 |l 0 |o snkČSB 5782/17/2023 |p 17A1525647 |r 2026-02-21 21:10:56 |t č. 1-4 |w 2026-02-21 |y PREZ | ||
| 952 | |0 0 |1 0 |4 0 |7 0 |8 3 |a SNK |b SNK |d 2025-03-07 |i snk2025/4230 |l 0 |o snkČSB 5782/17/2023 D1 |p 17A1525648 |r 2026-02-21 21:10:57 |t č. 1-4 |w 2026-02-21 |y PREZ | ||
| 952 | |0 0 |1 0 |4 0 |7 0 |8 0 |a SNK |b SNK |d 2025-03-07 |f 1 |i snk2025/4234 |l 0 |o snkČSB 5782/18/2024 |p 17A1525649 |r 2026-02-21 21:10:57 |t č. 1-4 |w 2026-02-21 |y PREZ | ||
| 952 | |0 0 |1 0 |4 0 |7 0 |8 0 |a SNK |b SNK |d 2015-05-12 |f 1 |i snk2015/15145 |l 0 |o snkČSB 5782/8/2014 |p 17A1144175 |r 2026-02-21 21:33:54 |t č. 1-4 |w 2026-02-21 |y PREZ | ||
| 952 | |0 0 |1 0 |4 0 |7 0 |8 0 |a SNK |b SNK |d 2016-08-05 |i snk2016/18684 |l 0 |o snkČSB 5782/8/2014 D1 |p 17A1201983 |r 2026-02-21 21:54:29 |t č. 1-4 |w 2026-02-21 |y PREZ | ||
| 952 | |0 0 |1 0 |4 0 |7 0 |8 0 |a SNK |b SNK |d 2016-08-05 |f 1 |i snk2016/18685 |l 0 |o snkČSB 5782/9/2015 |p 17A1201984 |r 2026-02-21 21:54:30 |t č. 1-4 |w 2026-02-21 |y PREZ | ||
| 952 | |0 0 |1 0 |4 0 |7 0 |8 0 |a SNK |b SNK |d 2017-10-10 |i snk2017/21920 |l 0 |o snkČSB 5782/9/2015 D1 |p 17A1264893 |r 2026-02-21 22:04:31 |t č. 1-4 |w 2026-02-21 |y PREZ | ||
| 952 | |0 0 |1 0 |4 0 |7 0 |8 0 |a SNK |b SNK |d 2017-10-10 |f 1 |i snk2017/21922 |l 0 |o snkČSB 5782/10/2016 |p 17A1264894 |r 2026-02-21 22:04:31 |t č. 1-4 |w 2026-02-21 |y PREZ | ||
| 952 | |0 0 |1 0 |4 0 |7 0 |8 0 |a SNK |b SNK |d 2019-07-10 |i snk2019/18275 |l 0 |o snkČSB 5782/10/2016 D1 |p 17A1368725 |r 2026-02-21 22:21:18 |t č. 1-4 |w 2026-02-21 |y PREZ | ||
| 952 | |0 0 |1 0 |4 0 |7 0 |8 0 |a SNK |b SNK |d 2019-07-10 |f 1 |i snk2019/18276 |l 0 |o snkČSB 5782/11/2017 |p 17A1368726 |r 2026-02-21 22:21:18 |t č. 1-4 |w 2026-02-21 |y PREZ | ||
| 952 | |0 0 |1 0 |4 0 |7 0 |8 0 |a SNK |b SNK |d 2019-07-10 |i snk2019/18278 |l 0 |o snkČSB 5782/11/2017 D1 |p 17A1368727 |r 2026-02-21 22:21:18 |t č. 1-4 |w 2026-02-21 |y PREZ | ||
| 952 | |0 0 |1 0 |4 0 |7 0 |8 0 |a SNK |b SNK |d 2019-07-10 |f 1 |i snk2019/18282 |l 0 |o snkČSB 5782/12/2018 |p 17A1368728 |r 2026-02-21 22:21:18 |t č. 1-4 |w 2026-02-21 |y PREZ | ||
| 952 | |0 0 |1 0 |4 0 |7 0 |8 0 |a SNK |b SNK |d 2019-07-10 |i snk2019/18287 |l 0 |o snkČSB 5782/12/2018 D1 |p 17A1368729 |r 2026-02-21 22:21:18 |t č. 1-4, neúplné |w 2026-02-21 |y PREZ |z Chýba č. 2 | ||


